000 00507nam a2200181Ia 4500
003 GCL
008 140319s9999 xx 000 0 eng d
040 _aGCL /
_cGCL
082 0 4 _a191
_bG E
100 1 _aGORDON, LEWIS R
245 1 0 _aEXISTENCE IN BLACK: AN ANTHOLOGY OF THE BLACK EXISTENTIAL PHILOSOPHY /
_cGORDON, LEWIS R
260 _a[S.N] :
_bROUTLEDGE ،
_c1997
300 _a328 P
650 0 4 _aAFRO - AMERICAN PHILOSOPHY
650 0 4 _aEXISTENTIALISM
650 0 4 _aPHILOSOPHY
942 _2ddc
_cBK
999 _c13126
_d13126